000 00857nam a22002177a 4500
999 _c7876
_d7876
003 AR-CdUCM
008 190321b ||||| |||| 00| 0 spa d
040 _aMUNICIPALIDAD PROVINCIAL DEL CUSCO
_cBIBLIOTECA MUNICIPAL DEL CUSCO
082 _a636.29663 /
_bC81
110 _aConcytec - Consejo Nacional de ciencia y tecnologia
_922268
245 _aConferencias Magistrales :
_bEstudio Sistemico de la realidad nacional en ciencia y tecnologia /
260 _aLima :
_bConcytec,
_c199.
300 _a158 paginas ;
_bilustraciones, graficos, retratos,
_c29 cm.
505 _aContenido: Biotecnologia -- genetica -- Biotecnologia -- envejecimiento humano -- Mercado...
650 _aConferencias Magistrales
_922269
650 _aBiotecnologia
_922270
650 _aGeneticos
_922271
650 _aBiotecnologia
_922270
942 _2ddc
_cLIBROS
945 _apjha